A textbook of engineering thermodynamics [for engineering students of all India universities and competitive examinations]

Guardat en:
Dades bibliogràfiques
Autor principal: RAJPUT, R.K
Format: Llibre
Idioma:anglès
Publicat: Laxmi Publishers 2015
Etiquetes: Afegir etiqueta
Sense etiquetes, Sigues el primer a etiquetar aquest registre!

MARC

LEADER 00000nam a22000007a 4500
008 240305b |||||||| |||| 00| 0 eng d
020 |a 978813180058 
100 |a RAJPUT, R.K. 
245 |a A textbook of engineering thermodynamics  |b [for engineering students of all India universities and competitive examinations]  |c /R.K. Rajput  |g xxii,935p 
260 |b Laxmi Publishers  |c 2015  |h New Delhi  |i 702719  |i 702720  |i 702721  |l TJ265.R13  |m Thermodynamics 
500 |a it includes index 
942 |a lcc  |c BK  |e Johnson  |f 05/03/24 
952 |0 0  |1 0  |2 lcc  |4 0  |6 TJ0265 R13  |7 0  |9 4936  |a TL  |b HOL  |c QZ  |d 2024-03-05  |l 0  |o TJ265.R13  |p 2024-0187  |r 2024-03-05 00:00:00  |t 702719  |w 2024-03-05  |y BK 
952 |0 0  |1 0  |2 lcc  |4 0  |6 TJ0265 R13  |7 0  |9 4937  |a HOL  |b HOL  |c QZ  |d 2024-03-05  |l 0  |o TJ265.R13  |p 2024-0188  |r 2024-03-05 00:00:00  |t 702720  |w 2024-03-05  |y BK 
952 |0 0  |1 0  |2 lcc  |4 0  |6 TJ0265 R13  |7 0  |9 4938  |a HOL  |b HOL  |c QZ  |d 2024-03-05  |l 0  |o TJ265.R13  |p 2024-0189  |r 2024-03-05 00:00:00  |t 702721  |w 2024-03-05  |y BK 
999 |c 2449  |d 2449